Historical Figures whose Names starts with R - Statistics

General Stats
  • This quiz has been taken 50 times
  • The average score is 16 of 24
Answer Stats
Picture Hint Answer % Correct
U.S. president and actor Ronald Reagan
98%
English king, "the Lionheart" Richard I of England
96%
Watergate scandal U.S. president Richard Nixon
94%
Montgomery Bus Boycott Rosa Parks
94%
American politician and brother of famous U.S. president Robert F. Kennedy
91%
father of the atomic bomb Robert Oppenheimer
91%
Beatles member Ringo Starr (Richard Starkley)
89%
Dutch Golden Age painter, famous for "De Nachtwacht" Rembrandt van Rijn
85%
English king and Shakespeare's play Richard III of England
79%
Egyptian pharaoh Ramesses II
77%
"I think, therefore I am" René Descartes
74%
author of the Jungle Book Rudyard Kipling
74%
Norwegian explorer who led the first expedition to reach the South Pole Roald Amundsen
72%
Charlie and the Chocolate Factory Roald Dahl
72%
Sistine Madonna Rafaël (Raffaello Sanzio)
68%
German composer, theatre director, essayist, and conductor Richard Wagner
55%
Scottish poet Robert Burns
55%
founder of the Pahlavi dynasty and Shah of Iran Reza Shah Pahlavi (Khan)
47%
founded the worldwide Scout Movement Robert Baden-Powell
38%
high-ranking official in Nazi Germany Rudolf Hess
36%
Polish-born philosopher, economist, and revolutionary socialist Rosa Luxemburg
30%
American marine biologist, "Silent Spring" Rachel Carson
23%
British chemist and X-ray crystallographer, "photo 51" Rosalind Franklin
21%
Anglo-Irish founder of modern chemistry Robert Boyle
17%
No matching quizzes found
Score Distribution
Percent of People with Each Score
Percentile by Number Answered
Your Score History
You have not taken this quiz